| 000 | 00798nam a2200253 i 4500 | ||
|---|---|---|---|
| 001 | bg | ||
| 100 | 1 | _aWALLACE, Michael J. | |
| 245 | 1 | 0 |
_aTraining foreign language teachers : _ba reflective approach / _cMichael J. Wallace. |
| 250 | _a[1st publ. 4th print.]. | ||
| 260 |
_aCambridge : _bCambridge Univ. Press, _c1994. |
||
| 300 |
_aIX, 180 s. ; _c23 cm. |
||
| 490 | 1 | _aCambridge Teacher Training and Development | |
| 504 | _aBibliogr. s. 169-175. - Indeks. | ||
| 650 | 9 |
_aJęzyk _xnauczanie _xmetody |
|
| 650 | 9 |
_aNauczyciele _asamokształcenie |
|
| 830 | _aCambridge Teacher Training and Development | ||
| 020 | _a0521356547 | ||
| 040 | _cBPK | ||
| 041 | 0 | _aen | |
| 080 | _a371.13:371.3:800.7 | ||
| 920 | _a0-521-35654-7 | ||
| 942 | _cKS | ||
| 008 | s pl f |000 0 pol | ||
| 999 |
_c30260 _d30260 |
||
| 856 |
_uhttp://koha.tu.koszalin.pl/cgi-bin/koha/opac-detail.pl?biblionumber=30260 _yKatalog online BPK |
||